Shenzi : 1 juan /

Disimpan dalam:
Butiran Bibliografi
Pengarang Utama: Shen, Dao, approximately 350 B.C.-approximately 275 B.C.
Pengarang-pengarang Lain: Qian, Xizuo, -1844.
Format: Buku
Bahasa:Chinese
Diterbitkan: Beijing : Zhonghua shu ju, 1954.
Siri:Zhu zi ji cheng ; 5.
Penanda-penanda: Tambah Penanda
Tiada Penanda, Jadilah orang pertama menanda rekod ini!
LEADER 01075cam a2200289ui 4500
001 007740425-4
005 20024617112705.0
008 980317s1954 cc a 000 0 chi d
035 0 |a ocm38735506 
040 |a *YNH*  |c *YNH*  |d CStRLIN 
100 1 |6 880-01  |a Shen, Dao,  |d approximately 350 B.C.-approximately 275 B.C. 
245 1 0 |6 880-02  |a Shenzi :  |b 1 juan /  |c Shen Dao zhuan ; Qian Xizuo jiao. 
260 |6 880-03  |a Beijing :  |b Zhonghua shu ju,  |c 1954. 
300 |a 1 v. :  |b ill. ;  |c 19 cm. 
490 1 |6 880-04  |a Zhu zi ji cheng ;  |v 5 
500 |6 880-05  |a Ben shu xi yong Shi jie shu ju yuan ban chong yin. 
700 1 |6 880-06  |a Qian, Xizuo,  |d -1844. 
880 1 |6 100-01  |a 慎到,  |d 350 B.C.-275 B.C. 
880 1 0 |6 245-02  |a 慎子 :  |b 1卷 /  |c 慎到撰 ; 錢熙祚校. 
880 |6 260-03  |a 北京 :  |b 中華書局,  |c 1954. 
880 1 |6 490-04  |a 諸子集成 ;  |v 5 
880 |6 500-05  |a 本書係用世界書局原版重印. 
880 1 |6 700-06  |a 錢熙祚,  |d -1844. 
830 0 |6 880-54  |a Zhu zi ji cheng ;  |v 5. 
880 0 |6 830-54  |a 諸子集成 ;  |v 5. 
988 |a 20021121 
906 |0 MH